000 00781nam a22002057a 4500
999 _c13750
_d13750
003 AR-CdUCM
008 190416b ||||| |||| 00| 0 spa d
040 _aMUNICIPALIDAD PROVINCIAL DEL CUSCO
_cBIBLIOTECA MUNICIPAL DEL CUSCO
082 _aC / 985.98 /
_bM63 / 1972
100 _aMiranda, Julio Cesar
_932281
245 _aBiografía y rebelión de José Grabiel Condorcanqui "Tupac Amaru II" /
260 _aCuzco :
_bGarcilaso,
_c1972.
300 _a51 páginas ;
_c21 cm.
505 _aContenido : Un trato sobre Tupac Amaru II -- Biografía y rebelión de José Gabriel Condorcanqui " Tupac Amaru ii" -- El momento histórico ...
650 _aBiografía
_922
650 _aHistoria
_9136
650 _aTupac Amaru
_9623
942 _2ddc
_cLIBROS
945 _arah
_d16/04/2019